000 00526pab a2200193 454500
008 180718b2008 xxu||||| |||| 00| 0 eng d
100 _aRay, Ranjan
245 _aDiversity in calorie sources and undernourishment during rapid economic growth
260 _c2008
300 _ap.51-57.
362 _a23 Feb
650 _aCalories - India
650 _aNourishment - India
650 _aEconomic growth - India
650 _aEconomic growth
773 _aEconomic and Political Weekly
908 _aN
909 _a77404
999 _c77404
_d77404